| 000 | 00823nam a22002177a 4500 | ||
|---|---|---|---|
| 003 | OSt | ||
| 005 | 20150408114056.0 | ||
| 008 | 120731s2011 ua ||||| b 00| 0 ara d | ||
| 040 | _cMU | ||
| 082 | 0 | 4 |
_221 _a371.92 _bع أ ك |
| 100 | 1 |
_aعادل، أيمن محمد. _916859 |
|
| 245 | 1 | 0 |
_aكيف نتعامل مع الأطفال ذوي الاحتياجات الخاصة / _cتأليف أيمن محمد عادل. |
| 250 | _aط. 1. | ||
| 260 |
_aالجيزة، مصر : _bالدار العالمية للكتب، _c2011. |
||
| 300 |
_a307 ص. ؛ _c24 سم. |
||
| 504 | _aببليوجرافية : ص. 301 | ||
| 650 | 4 |
_aالفئات الخاصة _xتعليم. _912407 |
|
| 650 | 4 |
_aالأطفال المعوقون _xتعليم. _912382 |
|
| 650 | 4 |
_aالأطفال المعوقون _xرعاية. _914984 |
|
| 942 |
_2ddc _cDVD |
||
| 999 |
_c25484 _d259984 |
||